[Event "Katowice op"]
[Site "Katowice"]
[Date "1991.??.??"]
[Round "2"]
[White "Tunik, Gennady"]
[Black "Kaula, Roman"]
[Result "1-0"]
[WhiteElo "2445"]
[BlackElo "2310"]

1.d4 Nf6 2.c4 g6 3.Nc3 Bg7 4.e4 d6 5.Nf3 O-O 6.Be2 e5 7.Be3 c6 8.d5 Ng4 9.Bg5 f6
10.Bc1 f5 11.Ng5 Na6 12.exf5 gxf5 13.Bxg4 fxg4 14.O-O Nc5 15.b4 e4 16.bxc5 Bxc3
17.Rb1 dxc5 18.Nxe4 Bd4 19.Bh6 Rf7 20.Bg5 Qf8 21.Qd2 Bf5 22.Rbe1 Rd7 23.d6 Bxe4
24.Rxe4 g3 25.hxg3 Qxd6 26.Qe2 Qg6 27.Bf4 Rf8 28.a4 Qf5 29.g4 Qg6 30.g3 Qg7
31.Kg2 Bf6 32.Rh1 Bg5 33.Rh5 Bxf4 34.gxf4 Rd2 35.Qf3 Rd3 36.Qxd3  1-0

[Event "Katowice op"]
[Site "Katowice"]
[Date "1991.??.??"]
[Round "4"]
[White "Kiselev, Sergey"]
[Black "Zhelnin, Vladimir V"]
[Result "1/2-1/2"]
[WhiteElo "2475"]
[BlackElo "2365"]

1.d4 Nf6 2.Nf3 g6 3.c4 Bg7 4.Nc3 O-O 5.e4 d6 6.Be2 e5 7.Be3 Ng4 8.Bg5 f6
9.Bc1 Nc6 10.d5 Ne7 11.O-O Nh6 12.b4 Nf7 13.c5 Kh8 14.Ne1 f5 15.f3 c6 16.Be3 cxd5
17.Nxd5 Nxd5 18.Qxd5 dxc5 19.Qb3 cxb4 20.Bc5 Ng5 21.Rd1 Qc7 22.Bxf8 Bxf8
23.Bc4 fxe4 24.h4 Ne6 25.fxe4 Bc5+ 26.Kh1 Qe7 27.Qg3 Nf4 28.Nf3 Nh5 29.Qh2 Bg4
30.Rd5 Rf8 31.Nxe5 Rxf1+ 32.Bxf1 Nf6 33.Rxc5 Qxc5 34.Qf4 Nh5 35.Nxg6+ hxg6
36.Qh6+ Kg8 37.Qxg6+ Kf8 38.Qxg4 Kf7 39.Be2 Nf6 40.Qf4 Qd4 41.Qc7+ Nd7 42.Bb5 Qa1+
43.Kh2 Qe5+ 44.Qxe5 Nxe5 45.Kg3 a6 46.Be2 Kf6 47.Kf2 a5 48.Ke3 a4 49.Kd2 Nd7
50.g4 Nc5 51.Bd3 a3 52.Bb1 b3 53.g5+ Ke5 54.axb3 Nxb3+ 55.Kc3 Nc5 56.Kb4 Nxe4
57.Kxa3 Nd6 58.Kb4 b6 59.Kc3 Nf7 60.g6 Nh6 61.Bd3 Kf6 62.Kb4 Ng8  1/2-1/2

[Event "Katowice op"]
[Site "Katowice"]
[Date "1991.??.??"]
[Round "6"]
[White "Bogdanovski, Vlatko"]
[Black "Nesterov, Jakov"]
[Result "1-0"]
[WhiteElo "2440"]
[BlackElo "2365"]

1.d4 Nf6 2.Nf3 g6 3.c4 Bg7 4.Nc3 O-O 5.e4 d6 6.Be2 e5 7.O-O Na6 8.Re1 Qe8
9.Bf1 Bg4 10.Be3 Bxf3 11.Qxf3 Ng4 12.d5 Nxe3 13.Qxe3 Qe7 14.Rab1 Nb4 15.Qd2 a5
16.a3 Na6 17.b4 Bf6 18.g3 Bg5 19.Qc2 h5 20.Na4 axb4 21.axb4 b6 22.h4 Bh6
23.Bh3 Kh8 24.Kg2 Rg8 25.Qe2 Raf8 26.c5 dxc5 27.Qxa6 Ra8 28.Qb5 Bd2 29.Red1 Bxb4
30.Qc6 Rgd8 31.d6 Qf6 32.Rb3 cxd6 33.Nxb6 Ra7 34.Rf3 Qe7 35.Nc8  1-0

[Event "Kecskemet Szechenyi-B"]
[Site "Kecskemet"]
[Date "1991.??.??"]
[Round "8"]
[White "Olesen, Martin"]
[Black "Rogemont, Alain"]
[Result "1-0"]
[WhiteElo "2325"]
[BlackElo "2235"]

1.d4 Nf6 2.Nf3 g6 3.c4 Bg7 4.Nc3 d6 5.e4 O-O 6.Be2 Nbd7 7.O-O e5 8.Re1 Re8
9.Bf1 exd4 10.Nxd4 Nc5 11.f3 a5 12.Bg5 h6 13.Be3 Kh7 14.Qd2 Nfd7 15.Rad1 Ne5
16.Ndb5 Ne6 17.c5 dxc5 18.Qxd8 Rxd8 19.Rxd8 Nxd8 20.Nxc7 Rb8 21.Bxc5 Ne6
22.Ba7 Nxc7 23.Bxb8 Ne6 24.Ba7 Nc6 25.Bf2  1-0

[Event "Kecskemet Szechenyi"]
[Site "Kecskemet"]
[Date "1991.??.??"]
[Round "9"]
[White "Van Wely, Loek"]
[Black "Reich, Thomas"]
[Result "1-0"]
[WhiteElo "2475"]
[BlackElo "2400"]

1.d4 Nf6 2.c4 g6 3.Nc3 Bg7 4.e4 d6 5.Nf3 O-O 6.Be2 Nbd7 7.O-O e5 8.Be3 c6
9.d5 c5 10.Ne1 Ne8 11.Nd3 Nc7 12.Rb1 Nb6 13.b3 f5 14.a3 a5 15.f3 f4 16.Bd2 Rf7
17.Qc2 g5 18.Nd1 Nd7 19.b4 Na6 20.N1f2 Bf8 21.g4 Be7 22.bxc5 Naxc5 23.Rb5 Qc7
24.Rfb1 Bd8 25.Nxc5 Nxc5 26.Nd3 Nxd3 27.Bxd3 b6 28.Be1 h5 29.h3 Ba6 30.R5b3 Rc8
31.Bf2 hxg4 32.Bxb6 Qd7 33.hxg4 Bxb6+ 34.Rxb6 Qa7 35.Kg2 Rfc7 36.Rxd6 Bxc4
37.Bxc4 Rxc4 38.Rd8+ Rxd8 39.Qxc4 Qe3 40.d6+ Kg7 41.Qc2 Rc8 42.Rb7+ Kg6 43.Rc7 Rf8
44.d7 Rd8 45.Rc8 Qe1 46.Rxd8 Qg3+ 47.Kf1 Qxf3+ 48.Ke1 Qg3+ 49.Qf2 Qc3+ 50.Kf1 Qh3+
51.Ke2  1-0

[Event "Kecskemet GM"]
[Site "Kecskemet"]
[Date "1991.??.??"]
[Round "9"]
[White "Tratar, Marko"]
[Black "Weindl, Alfred"]
[Result "0-1"]
[WhiteElo "2340"]
[BlackElo "2360"]

1.Nf3 Nf6 2.c4 g6 3.Nc3 Bg7 4.e4 d6 5.d4 O-O 6.Be2 e5 7.O-O Na6 8.Re1 c6
9.Bf1 Bg4 10.d5 Nb4 11.Be2 a5 12.Rb1 c5 13.Bg5 h6 14.Be3 Kh8 15.a3 Na6 16.Rf1 Bc8
17.Ne1 Ng8 18.Nd3 f5 19.f4 g5 20.fxg5 f4 21.gxh6 Nxh6 22.Bd2 Rg8 23.Kh1 Bf6
24.Rg1 Bh4 25.g3 Bxg3 26.hxg3 Rxg3 27.Rg2 Rxg2 28.Kxg2 Qg5+ 29.Kh1 Qh4+ 30.Kg1 Qg3+
31.Kh1 Qh3+ 32.Kg1 Bd7 33.Bf3 Rg8+ 34.Kf2 Qh2+  0-1

[Event "Kemerovo"]
[Site "Kemerovo"]
[Date "1991.??.??"]
[Round "?"]
[White "Romantchouk, Jacqes"]
[Black "Grechihin, Valery"]
[Result "1-0"]
[WhiteElo "2300"]
[BlackElo "2340"]

1.Nf3 Nf6 2.c4 g6 3.Nc3 Bg7 4.e4 d6 5.d4 O-O 6.Be2 e5 7.d5 a5 8.Bg5 h6 9.Bh4 Na6
10.Nd2 Nc5 11.b3 Bd7 12.a3 Qe8 13.Rb1 Nh7 14.Qc2 f5 15.f3 Bf6 16.Bf2 h5 17.b4 axb4
18.axb4 Na4 19.Nb5 Bxb5 20.cxb5 Bd8 21.Ra1 Nb6 22.Ra5 Rb8 23.O-O f4 24.Rfa1 Nc8
25.Ra8 Rxa8 26.Rxa8 Qd7 27.Rb8 b6 28.Qc6 Qxc6 29.bxc6 Ne7 30.Nc4 g5 31.Bxb6 cxb6
32.Nxd6 Bc7 33.Rxf8+ Kxf8 34.Nb5 Bb8 35.c7 Bxc7 36.Nxc7 Ng6  1-0

[Event "Kerteminde"]
[Site "Kerteminde"]
[Date "1991.??.??"]
[Round "1"]
[White "Hansen, Curt"]
[Black "Schandorff, Lars"]
[Result "1-0"]
[WhiteElo "2565"]
[BlackElo "2425"]

1.d4 Nf6 2.c4 g6 3.Nc3 Bg7 4.e4 d6 5.Nf3 O-O 6.Be2 e5 7.O-O Na6 8.Be3 Ng4
9.Bg5 Qe8 10.dxe5 dxe5 11.Nd2 h6 12.Bh4 Nf6 13.Nd5 g5 14.Bg3 c6 15.Nxf6+ Bxf6
16.Bg4 Be6 17.Qf3 Kg7 18.Rfd1 Rd8 19.Nf1 Bxg4 20.Qxg4 Qe6 21.Qe2 Rxd1 22.Rxd1 Rd8
23.Ne3 Kh7 24.Rxd8 Bxd8 25.Nf5 Bf6 26.Qh5 Bh8 27.h4 gxh4 28.Bxh4 Nc5 29.Qe2 Qg6
30.Ne7 Qxe4 31.Qh5 Qxc4 32.Qf5+ Kg7 33.Bf6+  1-0

[Event "Kerteminde"]
[Site "Kerteminde"]
[Date "1991.??.??"]
[Round "5"]
[White "Fishbein, Alexander"]
[Black "Schandorff, Lars"]
[Result "0-1"]
[WhiteElo "2465"]
[BlackElo "2425"]

1.d4 Nf6 2.c4 g6 3.Nc3 Bg7 4.e4 d6 5.Nf3 O-O 6.Be2 e5 7.Be3 exd4 8.Nxd4 Re8
9.f3 c6 10.Qd2 d5 11.exd5 cxd5 12.O-O Nc6 13.c5 Rxe3 14.Qxe3 Qf8 15.Ncb5 Qxc5
16.Rac1 Qb6 17.Qf2 Bd7 18.Nb3 Bh6 19.Rc3 Re8 20.Qxb6 axb6 21.Kf2 d4 22.N3xd4 Nd5
23.Rb3 Na5 24.Ra3 Bf8 25.Ra4 Bc5 26.Rc1 Nc6 27.Rac4 Nf4 28.Rxc5 bxc5 29.Rxc5 Rxe2+
30.Nxe2 Nd3+ 31.Ke3 Nxc5 32.Nec3 Be6 33.a3 Kf8 34.b4 Nd7 35.Ne4 Ke7 36.Nc7 Nb6
37.Nxe6 fxe6 38.Kf4 Nc4 39.Kg5 Nd6 40.Nc5 Nf7+ 41.Kf4 b5 42.h4 h6 43.h5 g5+
44.Ke3 Nd6 45.a4 bxa4 46.Nxa4 Nxb4 47.Nc5 e5 48.g3 Nd5+ 49.Kf2 Nf6 50.Nd3 Ke6
51.f4 gxf4 52.gxf4 e4 53.Ne5 Kf5  0-1

[Event "Kerteminde"]
[Site "Kerteminde"]
[Date "1991.??.??"]
[Round "7"]
[White "Fishbein, Alexander"]
[Black "Mortensen, Erling"]
[Result "1-0"]
[WhiteElo "2465"]
[BlackElo "2450"]

1.d4 Nf6 2.c4 g6 3.Nc3 Bg7 4.e4 d6 5.Nf3 O-O 6.Be2 e5 7.Be3 Ng4 8.Bg5 f6
9.Bc1 Nc6 10.O-O Kh8 11.dxe5 dxe5 12.c5 Qxd1 13.Rxd1 f5 14.h3 Nf6 15.Bb5 Nd4
16.Nxd4 exd4 17.Nd5 c6 18.Nxf6 cxb5 19.e5 Rd8 20.Be3 d3 21.Rd2 Be6 22.Rad1 Bxf6
23.exf6 Kg8 24.Rxd3 Rxd3 25.Rxd3 Kf7 26.Bg5 h6 27.Bxh6 Kxf6 28.a3 Rc8 29.b4 g5
30.f4 g4 31.Bg5+ Kf7 32.h4 Kg6 33.Rd6 Kf7 34.h5 Re8 35.Kf2 Rh8 36.h6 Re8
37.Kg3 Kg6 38.c6 bxc6 39.Rxc6 Kh5 40.h7  1-0

[Event "JUG-ch"]
[Site "Kladovo"]
[Date "1991.??.??"]
[Round "1"]
[White "Mirkovic, Slobodan"]
[Black "Nikolic, Sinisa"]
[Result "1/2-1/2"]
[WhiteElo "2390"]
[BlackElo "2275"]

1.Nf3 Nf6 2.d4 g6 3.c4 Bg7 4.Nc3 O-O 5.e4 d6 6.Be2 e5 7.dxe5 dxe5 8.Qxd8 Rxd8
9.Nd5 Nxd5 10.cxd5 c6 11.Bc4 b5 12.Bb3 Bb7 13.Bg5 Rd7 14.Rc1 cxd5 15.Bxd5 Na6
16.Bxb7 Rxb7 17.Ke2 Nc7 18.Rc6 Ne6 19.Rhc1 Rbb8 20.Be3 Rd8 21.Ng5 Nf4+ 22.Bxf4 exf4
23.Rc7 Bxb2 24.R1c5 Bd4 25.Rxb5 Bb6 26.Rb7 Rac8 27.Rb2 Rf8 28.Nh3 f5 29.Re7 Rfe8
30.Rxe8+ Rxe8 31.Nxf4 Rxe4+ 32.Kf3 g5 33.Nd5 Bd4 34.Rb8+  1/2-1/2

[Event "JUG-ch"]
[Site "Kladovo"]
[Date "1991.??.??"]
[Round "2"]
[White "Sofrevski, Jovan"]
[Black "Mukic, Josko"]
[Result "1/2-1/2"]
[WhiteElo "2415"]
[BlackElo "2305"]

1.Nf3 Nf6 2.c4 g6 3.Nc3 Bg7 4.e4 d6 5.d4 O-O 6.Be2 e5 7.Be3 exd4 8.Nxd4 Re8
9.f3 c6 10.Qd2 d5 11.exd5 cxd5 12.O-O Nc6 13.Rad1 Nxd4 14.Bxd4 dxc4 15.Bxc4 Be6
16.Bb5 Rf8 17.Qf2 Qa5 18.Qh4 Nh5 19.Bxg7 Nxg7 20.Qa4  1/2-1/2

[Event "JUG-ch"]
[Site "Kladovo"]
[Date "1991.??.??"]
[Round "2"]
[White "Damljanovic, Branko"]
[Black "Matkovic, Tonci"]
[Result "1-0"]
[WhiteElo "2560"]
[BlackElo "2355"]

1.Nf3 Nf6 2.c4 g6 3.Nc3 Bg7 4.e4 d6 5.d4 O-O 6.Be2 e5 7.Be3 Ng4 8.Bg5 f6
9.Bh4 Nc6 10.d5 Ne7 11.Nd2 f5 12.Bxg4 fxg4 13.Bg5 Kh8 14.O-O Bf6 15.Be3 Ng8
16.c5 Bg5 17.Bxg5 Qxg5 18.cxd6 cxd6 19.Nc4 Qe7 20.Qb3 Rd8 21.f4 gxf3 22.Rxf3 Bg4
23.Rg3 Bh5 24.a4 Rac8 25.Qb4 Rc5 26.b3 b6 27.Re1 Nf6 28.Qa3 Ng4 29.Rf1 Nh6
30.Qc1 Nf7 31.h3 Rg8 32.Re3 g5 33.g4 Bg6 34.Ref3 Kg7 35.Qe3 Rgc8 36.Nb5 Rxc4
37.bxc4 Rxc4 38.Qf2 Rc5 39.Rf6 a6 40.Re6 Qd8 41.Rxg6+  1-0

[Event "JUG-ch"]
[Site "Kladovo"]
[Date "1991.??.??"]
[Round "4"]
[White "Damljanovic, Branko"]
[Black "Tosic, Miroslav"]
[Result "1-0"]
[WhiteElo "2560"]
[BlackElo "2455"]

1.Nf3 Nf6 2.c4 g6 3.Nc3 Bg7 4.e4 d6 5.d4 O-O 6.Be2 e5 7.Be3 h6 8.O-O Ng4
9.Bc1 Nc6 10.d5 Ne7 11.Ne1 f5 12.Bxg4 fxg4 13.Be3 Rf7 14.Nd3 Bf8 15.c5 Kg7
16.f4 gxf3 17.Rxf3 Ng8 18.Rxf7+ Kxf7 19.Qf3+ Nf6 20.Rf1 Bg7 21.Nb5 Bd7 22.Nxa7 Rxa7
23.cxd6 Ra6 24.Nxe5+ Kg8 25.Nxd7 Nxd7 26.Qf7+ Kh8 27.dxc7 Qxc7 28.Qe8+ Kh7
29.Rf7 Qe5 30.Qxd7 Rxa2 31.Qxb7 Ra1+ 32.Kf2 Rb1 33.Rxg7+ Qxg7 34.Qxg7+ Kxg7
35.Bd4+ Kf7 36.e5 Rd1 37.Ke3 Rg1 38.Kf3 Rd1 39.Ke3 Rg1 40.e6+ Ke7 41.Bc5+ Kf6
42.b4 Rxg2 43.b5 Rc2 44.Bd4+ Ke7 45.b6 Rxh2 46.Bc5+ Kd8 47.d6 h5 48.Bd4  1-0

[Event "JUG-ch"]
[Site "Kladovo"]
[Date "1991.??.??"]
[Round "4"]
[White "Sofrevski, Jovan"]
[Black "Brkovic, Zoran"]
[Result "1/2-1/2"]
[WhiteElo "2415"]
[BlackElo "2375"]

1.Nf3 Nf6 2.c4 g6 3.Nc3 Bg7 4.e4 d6 5.d4 O-O 6.Be2 Nbd7 7.O-O e5 8.Be3 Ng4
9.Bg5 f6 10.Bc1 Nh6 11.Qc2 exd4 12.Nxd4 Ne5  1/2-1/2

[Event "JUG-ch"]
[Site "Kladovo"]
[Date "1991.??.??"]
[Round "7"]
[White "Laketic, Gojko"]
[Black "Brenjo, Slavisa"]
[Result "0-1"]
[WhiteElo "2415"]
[BlackElo "2320"]

1.d4 Nf6 2.Nf3 g6 3.c4 Bg7 4.Nc3 O-O 5.e4 d6 6.Be2 e5 7.d5 a5 8.Bg5 h6 9.Bh4 Na6
10.Nd2 h5 11.Bg5 Qe8 12.O-O Bd7 13.b3 Nh7 14.Be3 h4 15.Rc1 f5 16.exf5 gxf5
17.f4 e4 18.Rf2 Nc5 19.Nf1 Qg6 20.a3 a4 21.b4 Nb3 22.Rc2 c5 23.dxc6 bxc6
24.b5 Kh8 25.bxc6 Bxc6 26.Nd5 Bxd5 27.cxd5 Nf6 28.Rc6 Rfd8 29.Bb6 e3 30.Nxe3 Ne4
31.Rf3 Rdb8 32.Qe1 Bf6 33.Rh3 Rb7 34.Bd3 Nbd2 35.Kh1 Rab8 36.Ba5 Rb1 37.Bxb1 Rxb1  0-1

[Event "JUG-ch"]
[Site "Kladovo"]
[Date "1991.??.??"]
[Round "8"]
[White "Dzevlan, Miralem"]
[Black "Cvitan, Ognjen"]
[Result "1/2-1/2"]
[WhiteElo "2405"]
[BlackElo "2535"]

1.d4 Nf6 2.c4 g6 3.Nc3 Bg7 4.e4 d6 5.Nf3 O-O 6.Be2 e5 7.O-O exd4 8.Nxd4 Re8
9.f3 c6 10.Nc2 Na6 11.Kh1 Nc7 12.Bf4 d5 13.exd5 cxd5 14.c5 Ne6 15.Bd6 b6
16.Bb5 bxc5 17.Bxe8 Qxd6 18.Ne4 Qc7 19.Nxf6+ Bxf6 20.Qxd5 Rb8 21.Ba4 Rxb2
22.Rab1 Nf4 23.Qe4 Rxa2 24.Bb3 Ra6 25.Qe8+ Kg7 26.Bxf7 Rd6 27.Rfd1 Nd3 28.Qg8+ Kh6
29.Rd2 Rd8 30.Be8 Qe7 31.Qf7 Rxe8 32.Qxe7 Rxe7 33.Rxd3 Bf5 34.Rd2 Bc3 35.Rf2 Bd4
36.Rd2 Bc3 37.Rf2 c4 38.g4 Bd3 39.Rb8 a5 40.Rc8 Bb2 41.Ra8 Bc3 42.Kg2 Kg7
43.Rc8 Bb2 44.Ne1 Be2 45.Nc2 h6 46.Rd8 Bf6 47.Ra8 Bc3 48.Rc8 Bd3 49.Na3 Be1
50.Rb2 c3 51.Rb6 Re2+ 52.Kh1 Re7 53.Kg2 Re2+ 54.Kh1 Re7 55.Kg2 h5 56.gxh5 gxh5
57.Rc5 c2 58.Rxc2 Bxc2 59.Nxc2 Bc3 60.Kf1 Rd7 61.Ne3 Ra7 62.Nf5+ Kg8 63.Nd6 Ra8
64.Nb5 Be5 65.Rh6 a4 66.Rxh5 Bb2 67.Rc5 a3 68.Nxa3 Rxa3 69.Kg2 Kf7 70.Kg3 Ke6
71.Kg4 Be5 72.f4 Bd6 73.Rc4 Ra2 74.Re4+ Kd5 75.Re1 Rxh2 76.Kf5 Rh5+ 77.Kg6 Rh4
78.Rd1+ Kc6 79.f5 Rf4 80.f6 Be5 81.f7 Rf6+ 82.Kg7 Rf3+ 83.Kg8 Rg3+ 84.Kf8 Bb2
85.Re1 Ba3+ 86.Ke8 Rb3 87.Re6+ Kd5 88.Re2 Rb8+ 89.Kd7 Rf8 90.Rf2 Ke5 91.Rf1 Bb4
92.Rf3 Bc5 93.Rf1 Ra8 94.Re1+ Kf6 95.Re8 Ra7+ 96.Kc6 Kxf7 97.Rc8 Be7 98.Kd5 Ra5+
99.Ke4 Ra4+ 100.Kd3 Rg4 101.Rh8 Bg5 102.Ra8 Ke6 103.Ra7 Be7 104.Ra5 Bd6 105.Rh5 Be5
106.Rh7 Kd5 107.Rd7+ Bd6 108.Rd8 Rg3+ 109.Kd2 Ke6 110.Ke2 Rh3 111.Re8+ Kd5
112.Rd8 Ke6 113.Re8+ Kf5 114.Re3 Rh2+ 115.Kd3 Bf4 116.Re8 Rd2+ 117.Kc4 Be5
118.Rg8 Ke4 119.Rg4+ Bf4 120.Rh4 Rd4+ 121.Kc5 Kd3 122.Rh1 Ke4 123.Rh4 Rd8
124.Kc4 Rc8+ 125.Kb4 Ke5 126.Kb3 Rf8 127.Kc4 Ke4 128.Rg4 Rc8+ 129.Kb4 Kf5
130.Rh4 Bd6+ 131.Kb3 Ke5 132.Rc4 Bc5 133.Rh4 Bd4 134.Rh5+ Ke4 135.Kb4 Be5
136.Rh7 Bc3+ 137.Kb5 Bd4 138.Rd7 Kd3 139.Rd5 Rb8+ 140.Kc6 Kc4 141.Ra5 Rb6+
142.Kd7 Bc5 143.Ra1 Kd5 144.Rd1+ Bd4 145.Rd2 Rb7+ 146.Kd8 Rh7 147.Rd1 Ke4
148.Rd2 Be5 149.Rd1 Kf5 150.Rd7 Rh8+ 151.Ke7 Rc8 152.Rb7 Rc6 153.Kd7 Rd6+
154.Ke7 Rd5 155.Rd7 Bf6+ 156.Ke8 Re5+ 157.Kf7 Ra5 158.Rb7 Ra6 159.Rd7  1/2-1/2

[Event "JUG-ch"]
[Site "Kladovo"]
[Date "1991.??.??"]
[Round "12"]
[White "Sofrevski, Jovan"]
[Black "Drazic, Sinisa"]
[Result "1-0"]
[WhiteElo "2415"]
[BlackElo "2375"]

1.Nf3 Nf6 2.c4 g6 3.Nc3 Bg7 4.e4 O-O 5.d4 d6 6.Be2 e5 7.d5 a5 8.Be3 Ng4 9.Bd2 Na6
10.O-O Bd7 11.Ne1 h5 12.f3 Nh6 13.Nd3 b6 14.Qc1 Kh7 15.Bg5 Qe8 16.Be3 f5
17.exf5 gxf5 18.Qd2 Qg6 19.Kh1 Rg8 20.Rg1 Bf6 21.Rae1 Rg7 22.Bd1 Bh4 23.g3 Bf6
24.Bc2 Rh8 25.Nf2 Rhg8 26.Nh3 Be7 27.Ref1 Qf6 28.f4 Ng4 29.Ng5+ Kh8 30.Ne6 Bxe6
31.fxe5 dxe5 32.dxe6 Nxe3 33.Qxe3 f4 34.Qe2 Qh6 35.gxf4 Rxg1+ 36.Rxg1 Rxg1+
37.Kxg1 exf4 38.Kf1 Nb4 39.Bd1 Kg7 40.a3 Nc6 41.Qe4 Nd8 42.Nd5 Bxa3 43.e7 Bxe7
44.Qxe7+ Nf7 45.Qxc7 Qg6 46.Qxf4 a4 47.Qd4+ Kf8 48.Nf4 Qb1 49.Nxh5 Ke7 50.Nf4 Nd6
51.Nd5+ Kd8 52.Qh8+ Ne8 53.Qh4+ Kc8 54.Qg4+ Kb8 55.Qd4 Nd6 56.Qxb6+ Nb7 57.Qd4 Nd6
58.Ke1 Ka8 59.Nb6+ Kb7 60.Qxd6 Qe4+ 61.Kd2 a3 62.bxa3 Qg2+ 63.Kc1 Qf1 64.c5 Ka7
65.Qd7+ Ka6 66.Qa4+  1-0

[Event "JUG-ch"]
[Site "Kladovo"]
[Date "1991.??.??"]
[Round "12"]
[White "Dzevlan, Miralem"]
[Black "Mukic, Josko"]
[Result "1-0"]
[WhiteElo "2405"]
[BlackElo "2305"]

1.d4 Nf6 2.c4 g6 3.Nc3 Bg7 4.e4 d6 5.Nf3 O-O 6.Be2 e5 7.O-O exd4 8.Nxd4 Re8
9.f3 c6 10.Nc2 d5 11.cxd5 cxd5 12.exd5 Bf5 13.Ne3 Bd7 14.Kh1 Na6 15.Bxa6 bxa6
16.Qd3 Nh5 17.g3 Rb8 18.Rb1 Rb4 19.Bd2 Rd4 20.Qc2 Qc7 21.Rg1 f5 22.Rbe1 f4
23.Nf1 fxg3 24.Rxe8+ Bxe8 25.Nxg3 Nxg3+ 26.hxg3 Bf7 27.Bf4 Be5 28.Qf2 Rb4
29.Bxe5 Qxe5 30.Rd1 Rb6 31.Kg2 h5 32.Rd2 g5 33.Re2 Qf5 34.Qd4 Rf6 35.Qe4 g4
36.Qxf5 Rxf5 37.fxg4 hxg4 38.Re4 Bxd5 39.Nxd5 Rxd5 40.Rxg4+ Kf7 41.Rf4+ Kg6
42.Ra4 a5 43.b3 Rf5 44.Rf4 Rd5 45.Kf3 Rd3+ 46.Kg4 Rd2 47.Ra4 Rd5 48.Kf4 Rf5+
49.Ke3 Rg5 50.g4 Re5+ 51.Re4 Rc5 52.Re6+ Kg5 53.Ra6 Kxg4 54.Rxa7 Kf5 55.Kd4 Rb5
56.Ra6 Re5 57.Rh6 Re4+ 58.Kd3  1-0

[Event "JUG-ch"]
[Site "Kladovo"]
[Date "1991.??.??"]
[Round "13"]
[White "Jacimovic, Dragoljub"]
[Black "Strikovic, Aleksa"]
[Result "0-1"]
[WhiteElo "2415"]
[BlackElo "2495"]

1.d4 g6 2.c4 Bg7 3.Nc3 d6 4.Nf3 Nf6 5.e4 O-O 6.Be2 e5 7.d5 a5 8.O-O Na6 9.Be3 Ng4
10.Bg5 f6 11.Bc1 f5 12.Ng5 Nf6 13.exf5 gxf5 14.f4 Qe7 15.Qc2 h6 16.Nh3 e4
17.Be3 Ng4 18.Bxg4 fxg4 19.Nf2 Bf5 20.a3 Nc5 21.Ne2 h5 22.Ng3 Bg6 23.f5 Bxf5
24.Nxf5 Rxf5 25.Bxc5 dxc5 26.Nxe4 Raf8 27.Rxf5 Rxf5 28.Ng3 Qe3+ 29.Kh1 Re5
30.Rf1 h4 31.Nf5 Qe2 32.Qxe2 Rxe2 33.Nxh4 a4 34.Nf5 Bxb2 35.h3 gxh3 36.gxh3 Rc2
37.Rg1+ Kf7 38.d6 cxd6 39.Nxd6+ Ke6 40.Rg6+ Ke5 41.Nb5 Rxc4 42.Rg2 Bd4 43.Rg7 Kd5
44.Rxb7 Rc2 45.Ra7 Rb2 46.Ra5 Kc6 47.Na7+ Kd5 48.h4 Ke4 49.Rxa4 Kf3 50.Nc6 Kg3  0-1

[Event "Kobanya op"]
[Site "Kobanya"]
[Date "1991.??.??"]
[Round "6"]
[White "Utasi, Tamas"]
[Black "Hutters, Tomas"]
[Result "1/2-1/2"]
[WhiteElo "2345"]
[BlackElo "2465"]

1.Nf3 Nf6 2.c4 g6 3.Nc3 Bg7 4.e4 d6 5.d4 O-O 6.Be2 e5 7.O-O exd4 8.Nxd4 Re8
9.f3 c6 10.Be3 d5 11.cxd5 Nxd5 12.Nxd5 cxd5 13.Bb5 Nd7 14.Qb3 dxe4 15.fxe4 Rf8
16.Nf3 Qe7 17.Rac1 a6 18.Bc4 Ne5 19.Nxe5 Bxe5 20.Rxf7 Rxf7 21.Rf1 Bf6 22.Bxf7+ Qxf7
23.Rxf6 Qxb3 24.axb3 Bd7 25.Bh6 Re8 26.Kf2 a5 27.Ke3 Bc6 28.Rf4 Bd5 29.Kd4 Bxb3
30.Kc5 Bf7 31.Kb6 a4 32.h4 Re6+ 33.Kb5 Be8+ 34.Kc5 Rc6+ 35.Kd4 Bf7 36.Rf2 b5
37.e5  1/2-1/2

[Event "Kobanya op"]
[Site "Kobanya"]
[Date "1991.??.??"]
[Round "9"]
[White "Berebora, Ferenc"]
[Black "Horvath, Csaba"]
[Result "0-1"]
[WhiteElo "2310"]
[BlackElo "2460"]

1.d4 Nf6 2.c4 d6 3.Nc3 Nbd7 4.e4 e5 5.Nf3 g6 6.Be2 Bg7 7.O-O O-O 8.Be3 h6
9.dxe5 dxe5 10.Nd2 Nh7 11.c5 Ng5 12.b4 f5 13.Bc4+ Kh8 14.f3 Nf6 15.c6 bxc6
16.Qb3 Ne8 17.Rad1 Nd6 18.Na4 Nb5 19.Bxb5 cxb5 20.Nc5 f4 21.Bf2 Qe8 22.Qc3 Rf6
23.Ndb3 Rd6 24.Rd2 Nf7 25.Rfd1 g5 26.Na5 g4 27.Bh4 Rb8 28.Ncb3 gxf3 29.Qxc7 Rxd2
30.Rxd2 Bg4 31.Nc5 Rb6 32.Nab7 Rc6 33.Qa5 Rg6 34.Nd8 Kh7 35.Qxa7 Nd6 36.Qe7 Qxe7
37.Bxe7 Nc4 38.Rf2 fxg2 39.Nd3 Ne3 40.Bc5 Bf6 41.Nb7  0-1

[Event "Krasnodar"]
[Site "Krasnodar"]
[Date "1991.??.??"]
[Round "?"]
[White "Tunik, Gennady"]
[Black "Doroshkievich, Vladimir K"]
[Result "1-0"]
[WhiteElo "2445"]
[BlackElo "2350"]

1.d4 Nf6 2.c4 g6 3.Nc3 Bg7 4.e4 d6 5.Nf3 O-O 6.Be2 e5 7.Be3 Na6 8.O-O c6
9.d5 Ng4 10.Bg5 f6 11.Bh4 h5 12.Ne1 Nh6 13.f3 Nf7 14.Nd3 c5 15.a3 Bh6 16.Bf2 Bd7
17.b4 b6 18.bxc5 Nxc5 19.Nxc5 bxc5 20.Qc2 Rb8 21.Rfb1 Rb6 22.Rxb6 axb6 23.Rb1 Qc7
24.Nb5 Qb7 25.Rb3 Ra8 26.Qb2 Ra6 27.Bd3 Qb8 28.Kf1 Kg7 29.Ke2 Qd8 30.Kd1 Bf4
31.g3 Bh6 32.Kc2 Qb8 33.Kb1 Qd8 34.Ka2 Bh3 35.Be2 Kh7 36.Qc2 Qd7 37.Qd3 f5
38.exf5 Bxf5 39.Qd1 Qe7 40.Bd3 e4 41.Qe2 Qf6 42.Bxe4 Bg7 43.Rb1 Bd7 44.Be1 Bxb5
45.cxb5 Ra7 46.h4 Nh6 47.Qc2 Re7 48.Bd2 Qd4 49.Bxg6+ Kh8 50.Be4 Nf5 51.Bg5 Ra7
52.Qd3 Qf2+ 53.Qd2 Qxd2+ 54.Bxd2 Nxg3 55.Re1 Be5 56.Bc2 c4 57.f4 Bd4 58.Be3 Bc3
59.Bxb6 Rb7 60.Re8+ Kg7 61.Re3 Ne2 62.Rxe2 Rxb6 63.a4 Rb7 64.Re4 Rc7 65.b6 Rb7
66.Rxc4 Ba5 67.Rc7+ Rxc7 68.bxc7 Bxc7 69.Kb3 Bd8 70.Kc4 Bxh4 71.a5 Bf2 72.Kb5  1-0

[Event "Krumbach op"]
[Site "Krumbach"]
[Date "1991.??.??"]
[Round "2"]
[White "Blees, Albert"]
[Black "Krasenkow, Michal"]
[Result "1/2-1/2"]
[WhiteElo "2380"]
[BlackElo "2570"]

1.c4 e5 2.Nc3 d6 3.Nf3 g6 4.d4 Nd7 5.e4 Bg7 6.Be2 Ngf6 7.O-O O-O 8.Qc2 exd4
9.Nxd4 Re8 10.Rd1 Nc5 11.f3 a5 12.Ndb5 Bd7 13.Be3 b6 14.Rab1 Rf8 15.b3 Ne8
16.a3 f5 17.b4 axb4 18.axb4 Ne6 19.Qd2 f4 20.Bf2 Be5 21.c5 bxc5 22.bxc5 Kh8
23.cxd6 Nxd6 24.Nd4 c6 25.Nxe6 Bxe6 26.Bc5 Qf6 27.Bxd6 Bxc3 28.e5 Bxd2 29.exf6 Be3+
30.Kf1 Rf7 31.Rb4 Bd5 32.Rdb1 h5 33.Rb8+ Rxb8 34.Rxb8+ Kh7 35.Be5 c5 36.Bb5 Bd4
37.Bxd4 cxd4 38.Rd8 Be6 39.Rxd4  1/2-1/2

[Event "Krumbach op"]
[Site "Krumbach"]
[Date "1991.??.??"]
[Round "3"]
[White "Aseev, Konstantin N"]
[Black "Glek, Igor V"]
[Result "1-0"]
[WhiteElo "2515"]
[BlackElo "2540"]

1.d4 Nf6 2.c4 g6 3.Nc3 Bg7 4.e4 d6 5.Nf3 O-O 6.Be2 e5 7.O-O Na6 8.Re1 c6
9.Bf1 Bg4 10.d5 Nc7 11.Be2 a5 12.h3 Bd7 13.dxc6 Bxc6 14.Bf1 Na6 15.Bg5 h6
16.Bh4 g5 17.Bg3 Nh5 18.Nd5 Nc5 19.Nd2 Nxg3 20.fxg3 Bxd5 21.cxd5 f5 22.exf5 Rxf5
23.Qc2 Rf7 24.Ne4 Rc8 25.Kh2 Qb6 26.Rad1 Rff8 27.b3 Nxe4 28.Qxe4 Qb4 29.Bc4 Rf2
30.a3 Qxa3 31.Bd3 Rc7 32.Qh7+ Kf8 33.Rf1 Rcf7 34.Rc1 Rxf1 35.Rc8+ Ke7 36.Bxf1 Qxb3
37.Rc7+ Kf8 38.Rc8+ Ke7 39.Bd3 e4 40.Qxe4+ Be5 41.Qg4 Qxd5 42.Bc4  1-0

[Event "Krumbach op"]
[Site "Krumbach"]
[Date "1991.??.??"]
[Round "4"]
[White "Moehrmann, Marcus"]
[Black "Wagner, Anselm"]
[Result "1/2-1/2"]
[WhiteElo "2290"]
[BlackElo "2280"]

1.d4 Nf6 2.c4 g6 3.Nc3 Bg7 4.e4 d6 5.Nf3 O-O 6.Be2 e5 7.Be3 h6 8.h3 exd4
9.Nxd4 Re8 10.Qc2 Na6 11.O-O Nc5 12.Bf3 Nh7 13.Rad1 Ng5 14.Rfe1 Bxh3 15.Ncb5 Bd7
16.b4 Nxf3+ 17.Nxf3 Nxe4 18.Bxh6 Bxh6 19.Rxe4 Rxe4 20.Qxe4 Bc6 21.Qd3 Bxb5
22.cxb5 Qd7 23.Qd5 Rb8 24.a3 Qe6 25.Qd4 Ra8 26.Re1 Qd7 27.Qh4 Bg7 28.Re7 Qd8
29.g3 d5 30.Kf1 Kf8 31.Re1 Qxh4 32.Nxh4 Rd8 33.Nf3 Bf6 34.Ne5 Bxe5 35.Rxe5 Rd7
36.f4 f6 37.Re3 Kf7 38.Kf2 Kf8 39.Kf3 d4 40.Rd3 f5 41.Rd2 Ke8 42.g4 fxg4+
43.Kxg4 Rd5 44.Rd3 Ke7 45.Kf3 Rxb5 46.Rxd4 g5 47.fxg5 Rxg5 48.a4 Ke6 49.b5 Rf5+
50.Ke4 Re5+ 51.Kf4 Rd5 52.Rc4 Kd6 53.Ke4 Rd1 54.Ke3 c5 55.bxc6 bxc6 56.Ke2 Rd5
57.Ke3 c5 58.Rh4 Kc6 59.Rg4 Kb6 60.Rh4 Rd1 61.Rh6+ Kc7 62.Ra6 Kb7 63.Rh6 Rd4
64.a5 Rd7 65.Rg6 Rd8 66.Rh6 Kc7 67.Ra6 c4 68.Rh6 Rd3+ 69.Ke2 Rd5 70.Rh4 Rc5
71.Kd2 Kc6 72.Kc3 Kb5 73.a6 Rg5 74.Rh3 Rc5 75.Rh4 Rc6 76.Rg4 Rxa6 77.Rxc4 Ra3+
78.Kb2 Kxc4 79.Kxa3 a5  1/2-1/2

[Event "Krumbach op"]
[Site "Krumbach"]
[Date "1991.??.??"]
[Round "8"]
[White "Blees, Albert"]
[Black "Brendel, Oliver"]
[Result "0-1"]
[WhiteElo "2380"]
[BlackElo "2325"]

1.d4 Nf6 2.c4 g6 3.Nc3 Bg7 4.e4 d6 5.Nf3 O-O 6.Be2 e5 7.O-O exd4 8.Nxd4 Re8
9.f3 c6 10.Kh1 Nbd7 11.Bg5 Qb6 12.Nb3 a5 13.Na4 Qb4 14.Nd4 Nc5 15.Nxc5 dxc5
16.Nb3 a4 17.Nc1 Qxb2 18.Nd3 Qd4 19.e5 Nd7 20.f4 f6 21.Bh4 fxe5 22.Bf2 Qd6
23.fxe5 Nxe5 24.Bxc5 Qd8 25.Rb1 Nxc4 26.Nf4 b5 27.Bxc4+ bxc4 28.Qf3 c3 29.Nh5 gxh5
30.Qf7+ Kh8 31.Rbd1 Be6 32.Qxh5 Bd5 33.Rd3 Bxg2+  0-1

[Event "Krumbach op"]
[Site "Krumbach"]
[Date "1991.??.??"]
[Round "9"]
[White "Steinbacher, Matthias"]
[Black "Carstens, Andreas"]
[Result "1/2-1/2"]
[WhiteElo "2370"]
[BlackElo "2375"]

1.d4 Nf6 2.c4 d6 3.Nc3 Nbd7 4.e4 e5 5.Nf3 g6 6.Be2 Bg7 7.O-O O-O 8.Re1 Re8
9.Bf1 c6 10.d5 c5 11.a3 Nf8 12.b4 b6 13.bxc5 bxc5 14.Rb1 Re7 15.Qa4 Ne8 16.Bg5 f6
17.Bd2 Rb7 18.Rxb7 Bxb7 19.Rb1 Bc8 20.Bd3 Bd7 21.Qa6 Rb8 22.Nb5 Bxb5 23.cxb5 Qb6
24.Qxb6 axb6 25.a4 f5 26.exf5 Nf6 27.Nh4 e4 28.Bc4 Ng4 29.fxg6 hxg6 30.Be2 Ne5
31.f4 exf3 32.Nxf3 Nxf3+ 33.Bxf3 Bd4+ 34.Kh1 Nd7 35.Bg4 Ne5 36.Be6+ Kg7 37.Rf1 Ra8
38.Bg5 Rxa4 39.Bf6+ Kh7 40.g3 Nd3 41.Be7 Nf2+ 42.Kg2 Ra2 43.Kf3 Ra3+ 44.Kg2 Ra2
45.Kf3 Ra3+ 46.Kg2  1/2-1/2